The Rough guide to the Philippines / (Record no. 18788)
[ view plain ]
| 000 -LEADER | |
|---|---|
| fixed length control field | 00456nam a22001697a 4500 |
| 003 - CONTROL NUMBER IDENTIFIER | |
| control field | OSt |
| 005 - DATE AND TIME OF LATEST TRANSACTION | |
| control field | 20191123093651.0 |
| 008 - FIXED-LENGTH DATA ELEMENTS--GENERAL INFORMATION | |
| fixed length control field | 130305t xxu||||| |||| 00| 0 eng d |
| 020 ## - INTERNATIONAL STANDARD BOOK NUMBER | |
| International Standard Book Number | 1858289653 |
| 050 ## - LIBRARY OF CONGRESS CALL NUMBER | |
| Classification number | DS 654 |
| Item number | .D152 2004 |
| 100 ## - MAIN ENTRY--PERSONAL NAME | |
| Personal name | Dalton, David |
| 245 ## - TITLE STATEMENT | |
| Title | The Rough guide to the Philippines / |
| Statement of responsibility, etc | David Dalton |
| 260 ## - PUBLICATION, DISTRIBUTION, ETC. (IMPRINT) | |
| Place of publication, distribution, etc | N. Y. : |
| Name of publisher, distributor, etc | Rough Guides, |
| Date of publication, distribution, etc | 2004. |
| 300 ## - PHYSICAL DESCRIPTION | |
| Extent | 528 p. : |
| Dimensions | 20 cm. |
| Other physical details | col. ill. ; |
| 942 ## - ADDED ENTRY ELEMENTS (KOHA) | |
| Source of classification or shelving scheme | Library of Congress Classification |
| Koha item type | Books |
| Call number prefix | Rare Filipiniana |
| Withdrawn status | Lost status | Source of classification or shelving scheme | Damaged status | Home library | Current library | Shelving location | Date acquired | Total Checkouts | Full call number | Barcode | Date last seen | Date checked out | Copy number | Price effective from | Koha item type |
|---|---|---|---|---|---|---|---|---|---|---|---|---|---|---|---|
| Library of Congress Classification | College Library | College Library | Filipiniana Section | 03/05/2013 | 1 | DS 654 .D152 2004 | C7891 | 05/08/2018 | 06/18/2015 | 1 | 03/05/2013 | Books |